Szczegóły MARC21

Fünf Spiele /

003 -Nazwa inst., której nr kontr. jest w polu 001 [,]
    • @
    • Nazwa instytucji, której n kontrolny jest w polu 001
    • NUKAT
005 -DATA I CZAS OSTATNIEJ MODYFIKACJI [,]
    • @
    • pole kontrolne
    • 20241231101818.0
020 -Międzynarod. znormalizowany nr książki - ISBN [ , ]
    • a
    • Numer ISBN
    • 3436011495 Find
040 -Instytucja sporządzająca opis [ , ]
    • a
    • Instytucja, która sporządziła opis (NP)
    • SZCZ U/JS
    • b
    • Język katalogowania
    • pol
    • e
    • Zasady katalogowania
    • rda
    • c
    • Instytucja, która sporządziła rekord (NP)
    • SZCZ U/JSs
041 -Język dokumentu [1, ]
    • a
    • Język tekstu (P)
    • niemiecki
    • h
    • Język tekstu oryginalnego i/lub pośredniego (P)
    • angielski
    • h
    • Język tekstu oryginalnego i/lub pośredniego (P)
    • francuski
942 -Rodzaj dokumentu [ , ]
    • c
    • Rodzaj dokumentu
    • Książka
100 -Hasło główne - nazwa osobowa [1, ]
    • a
    • Nazwa osobowa (NP)
    • Beckett, Samuel
    • d
    • Daty biograficzne (NP)
    • (1906-1989).
    • e
    • Rodzaj współpracy
    • Autor
    • 9
    • KHW
    • 37465
245 -Strefa tytułu i oznaczenia odpowiedzialności [1,0]
    • a
    • Tytuł
    • Fünf Spiele / Find
    • c
    • Pozostałe elementy strefy tytułu i oznaczenia odpowiedzialności (NP)
    • Samuel Beckett.
250 -Strefa wydania [ , ]
    • a
    • Oznaczenie wydania (NP)
    • 23.-27. Tausend.
260 -Strefa adresu wydawniczego [ , ]
    • a
    • Miejsce wydania (P)
    • Frankfurt am Main :
    • b
    • Nazwa wydawcy (P)
    • Fischer Taschenbuch Verlag,
    • c
    • Data wydania (P)
    • 1972.
300 -Strefa opisu fizycznego [ , ]
    • a
    • Określenie formy książki i/lub objętość (NP)
    • 119 stron ;
    • c
    • Format (NP)
    • 18 cm.
336 -Typ zawartości [ , ]
    • a
    • Termin opisujący typ zawartości
    • Tekst
    • b
    • Kod określający zawartość
    • txt
    • 2
    • Źródło (terminu i kodu)
    • rdacontent
337 -Typ mediów [ , ]
    • a
    • Tryb odtwarzania
    • Bez urządzenia pośredniczącego
    • b
    • Kod typu mediów
    • n
    • 2
    • Źródło (terminu i kodu)
    • rdamedia
338 -Typ/rodzaj nośnika [ , ]
    • a
    • Hasło opisujące typ nośnika
    • Wolumin
    • b
    • Kod typu nośnika
    • nc
    • 2
    • Źródło (terminu i kodu)
    • rdacarrier
380 -Deskryptor - Forma dzieła (P) [ , ]
    • a
    • forma dzieła (NP)
    • Dramat (rodzaj)
490 -Strefa serii i książki wielotomowej - forma nie do wyszukiwania [1, ]
    • a
    • Tytuł (P)
    • Fischer Taschenbücher ; Find
    • v
    • Numeracja (P)
    • 7001
830 -Hasło dodatkowe serii i opisu książki wielotomowej - tytuł ujednolicony/tytuł [ ,0]
    • a
    • Tytuł ujednolicony/tytuł (NP)
    • Fischer-Taschenbücher
    • x
    • ISSN
    • 0173-5438
    • v
    • Oznaczenie tomu (NP)
    • Bd. 7001
    • 9
    • KHW
    • 12187
505 -Uwaga dot. zawartości książki [0, ]
    • a
    • Uwaga dot. zawartości książki
    • Endspiel ; Das letzte Band ; Spiel ; Spiel ohne Worte 1 und 2 ; Glückliche Tage.
655 -Hasło w funkcji tematu formalnego [ ,7]
    • a
    • Hasło
    • Dramat francuski
    • v
    • Określnik formy
    • autorzy irlandzcy.
    • 2
    • Źródło terminu
    • kaba
    • 9
    • KHW
    • 526665
655 -Hasło w funkcji tematu formalnego [ ,7]
    • a
    • Hasło
    • Dramat francuski
    • y
    • Określnik chronologiczny
    • 1945-1970
    • v
    • Określnik formy
    • tłumaczenia niemieckie.
    • 2
    • Źródło terminu
    • kaba
    • 9
    • KHW
    • 480896
655 -Hasło w funkcji tematu formalnego [ ,7]
    • a
    • Hasło
    • Dramat angielski
    • y
    • Określnik chronologiczny
    • 1945-1970
    • v
    • Określnik formy
    • tłumaczenia niemieckie.
    • 2
    • Źródło terminu
    • kaba
    • 9
    • KHW
    • 526666
700 -Hasło dodatkowe - nazwa osobowa [1,2]
    • a
    • Nazwa osobowa (NP)
    • Beckett, Samuel Find
    • d
    • Daty biograficzne (NP)
    • (1906-1989).
    • t
    • Tytuł ujednolicony/tytuł (NP)
    • Fin de partie Find
    • l
    • Język tekstu (NP)
    • (niem.)
    • 9
    • KHW
    • 526512
700 -Hasło dodatkowe - nazwa osobowa [1,2]
    • a
    • Nazwa osobowa (NP)
    • Beckett, Samuel Find
    • d
    • Daty biograficzne (NP)
    • (1906-1989).
    • t
    • Tytuł ujednolicony/tytuł (NP)
    • Krapp's last tape Find
    • l
    • Język tekstu (NP)
    • (niem.)
    • 9
    • KHW
    • 474509
700 -Hasło dodatkowe - nazwa osobowa [1,2]
    • a
    • Nazwa osobowa (NP)
    • Beckett, Samuel Find
    • d
    • Daty biograficzne (NP)
    • (1906-1989).
    • t
    • Tytuł ujednolicony/tytuł (NP)
    • Play Find
    • l
    • Język tekstu (NP)
    • (niem.)
    • 9
    • KHW
    • 526514
700 -Hasło dodatkowe - nazwa osobowa [1,2]
    • a
    • Nazwa osobowa (NP)
    • Beckett, Samuel Find
    • d
    • Daty biograficzne (NP)
    • (1906-1989).
    • t
    • Tytuł ujednolicony/tytuł (NP)
    • Acte sans paroles Find
    • l
    • Język tekstu (NP)
    • (niem.)
    • 9
    • KHW
    • 526513
700 -Hasło dodatkowe - nazwa osobowa [1,2]
    • a
    • Nazwa osobowa (NP)
    • Beckett, Samuel Find
    • d
    • Daty biograficzne (NP)
    • (1906-1989).
    • t
    • Tytuł ujednolicony/tytuł (NP)
    • Happy days Find
    • l
    • Język tekstu (NP)
    • (niem.)
    • 9
    • KHW
    • 474519
710 -Hasło dodatkowe - nazwa ciała zbiorowego [2, ]
    • a
    • Nazwa ciała zbiorowego lub nazwa geograficzna jako pierwszy element (NP)
    • Fischer Taschenbuch Verlag.
    • e
    • Rodzaj współpracy
    • Wydawca
    • 4
    • Kod relacji
    • pbl
    • 9
    • KHW
    • 68672
920 -ISBN [ , ]
    • a
    • ISBN
    • 3-436-01149-5 Find
Sygnatura Lokalizacja Data inwentaryzacji Numer inwentarzowy Status udost.
Germ. Inne literaturyBM2020-02-27BC.13799-3